000 00680nam a2200265Ia 4500
003 OSt
005 20221007104925.0
006 a|||||r|||| 00| 0
007 ta
008 221006b |||||||| |||| 00| 0 eng d
024 _a17,112
037 _cTextual
040 _aLCO
_cLCO
_beng
041 _2eng
_aeng
082 _aZ2,4y7, M0
100 _aHepple B.A
_9688710
245 0 _aTort
_b Cases and Materials
250 _a2nd
260 _aLondon
_bButterworths UK
_c1980
300 _a757
650 _aTORT
_9690780
700 _a Matthews M.H
_9706376
942 _hZ2,4y7, M0
_cTEXL
999 _c1186675
_d1186675